000
00336nam a2200145Ia 4500
100
_a
Mary campbell
942
_c
BK
654
_a
1-2-3 Release 3
245
_a
1-2-3 Release 3 the complete reference
260
_b
Osborne Mc graw Hill
_a
New Delhi
_c
1991
082
_a
1.642
_b
CAM
300
_a
1072
546
_a
ENGLISH
999
_c
19125
_d
19125